Job readiness for it & ites: (Record no. 138136)
[ view plain ]
| 000 -LEADER | |
|---|---|
| fixed length control field | 00559nam a22001817a 4500 |
| 005 - DATE AND TIME OF LATEST TRANSACTION | |
| control field | 20170308122419.0 |
| 010 ## - LCCN (DPL NO) | |
| LC control number | ENG-117438 |
| 020 ## - INTERNATIONAL STANDARD BOOK NUMBER | |
| International Standard Book Number | 9789385965531 |
| Terms of availability | 375.00 |
| 035 ## - SYSTEM CONTROL NUMBER | |
| System control number | EN-100970 |
| 037 ## - SOURCE OF ACQUISITION | |
| Source of stock number/acquisition | DBAD/PUB |
| 082 ## - DEWEY DECIMAL CLASSIFICATION NUMBER | |
| Classification number | 650.14 |
| 100 ## - MAIN ENTRY--PERSONAL NAME | |
| Personal name | Anand,R |
| 245 ## - TITLE STATEMENT | |
| Title | Job readiness for it & ites: |
| Statement of responsibility, etc | by R anand |
| Remainder of title | A placement and career companion |
| 260 ## - PUBLICATION, DISTRIBUTION, ETC. (IMPRINT) | |
| Place of publication, distribution, etc | New delhi |
| Name of publisher, distributor, etc | McGraw Hill Education |
| Date of publication, distribution, etc | 2016 |
| 270 ## - ADDRESS | |
| Address | P-24, Green Park Extension |
| City | New Delhi |
| Postal code | 110016 |
| 300 ## - PHYSICAL DESCRIPTION | |
| Extent | xxvii,176p |
| Dimensions | 22cm (pbk) |
| Other physical details | ill |
| 942 ## - ADDED ENTRY ELEMENTS (KOHA) | |
| Source of classification or shelving scheme | Dewey Decimal Classification |
| Item type | English Books |
| Classification part | 650.14 |
| Call number suffix | ANA |
| Withdrawn status | Lost status | Not for loan | Collection code | Home library | Current library | Date acquired | Source of acquisition | Cost, normal purchase price | Full call number | Barcode | Copy number | Cost, replacement price | Koha item type |
|---|---|---|---|---|---|---|---|---|---|---|---|---|---|
| Not For Loan | Non-fiction | D.B.Act.Division | Bawana | 08/03/2017 | DBAD/PUB | 375.00 | 650.14 ANA | EN-100970 | 1 | 375.00 | English Books |
